| 000 | 00493nam a2200181 a 4500 | ||
|---|---|---|---|
| 005 | 20220603063607.0 | ||
| 008 | 991125s1983 mx 000 0 spa u | ||
| 020 | _a9682413877 | ||
| 035 | _aUPN01000109460 | ||
| 049 | _aI | ||
| 050 | 4 |
_aPZ8 _bH4.9 |
|
| 100 | 1 |
_aHeuer y Granados, Margarita _942685 |
|
| 245 | 1 | 4 |
_aLos Ăștiles escolares / _cMargarita Heuer. |
| 260 |
_aMéxico : _bTrillas, _c1983. |
||
| 300 |
_a[31] p. : _bil. col. |
||
| 650 | 4 |
_aCuentos infantiles _96744 |
|
| 905 | _aInfantil | ||
| 999 |
_c83371 _d83371 |
||